| 000 | 00880cam a22002291 4500 | ||
|---|---|---|---|
| 001 | af 47003208 | ||
| 003 | DLC | ||
| 005 | 20260227110818.0 | ||
| 008 | 751125s1946 fr 000 0 fre | ||
| 010 | _aaf 47003208 | ||
| 035 | _a(OCoLC)1852484 | ||
| 040 |
_aDLC _cF _dDLC |
||
| 050 | 0 | 0 |
_aPQ2464 _b.A2 1946 |
| 100 | 1 |
_aVerlaine, Paul, _d1844-1896 |
|
| 245 | 0 | 0 |
_aConfessions, _bnotes autobiographiques. _cPreface de Leon Paul Fargue. |
| 260 |
_aParis, _bEditions du Bateau Ivre _c[1946] |
||
| 300 |
_a2 p. l., vii-xvii, [1] p. 1 l., 21-224, [2] p. _c19 cm. |
||
| 490 | 0 | _aCollection Chefs d'euvre d'hier, dirigee par J. P. Dorian. | |
| 500 | _aAt head of title: Paul Verlaine. | ||
| 500 | _a"Ces Confessions ... parurent ... d'abord a la Librarie de Fin de siecle en 1895, puis a la Bibliotheque artistique et litteraire en 1897." | ||
| 700 | 1 |
_aFargue, Léon-Paul, _d1876-1947. |
|
| 999 |
_c2068 _d2068 |
||